| 000 | 00673nam a2200205 a 4500 | ||
|---|---|---|---|
| 005 | 20240305063723.0 | ||
| 008 | 991125s1993 mx 000 0 spa u | ||
| 020 | _a9682448360 | ||
| 035 | _aUPN01000045860 | ||
| 049 | _aLT | ||
| 050 | 4 |
_aLB1644 M6.1 _bM8.6 |
|
| 100 | 1 |
_aMuñoz, Virgilio _929569 |
|
| 245 | 1 | 0 |
_aPrácticas de civismo 1 : _bejercicios sobre sociedad, valores y derechos / _cVirgilio Muñoz, Ana Cristina Avila. |
| 260 |
_aMéxico : _bTrillas, _c1993. |
||
| 300 |
_a179 p. : _bil. col. |
||
| 500 | _aBibliografía : p. 160 | ||
| 650 | 4 |
_aCivismo _xEstudio y enseñanza (Secundaria) _91512 |
|
| 700 | 1 |
_aAvila, Ana Cristina, _ecoaut. _928864 |
|
| 905 | _aLibro | ||
| 999 |
_c45860 _d45860 |
||